| 000 | 00524nam a2200181Ia 4500 | ||
|---|---|---|---|
| 005 | 20250508150504.0 | ||
| 008 | 008 250505s9999 xx 000 0 eng d | ||
| 037 | _aTextual | ||
| 040 |
_aFEDL _beng _cFEDL |
||
| 041 |
_aeng _2eng |
||
| 084 |
_a917.3, BRO _qFEDL |
||
| 100 | _aBrogan D. W. | ||
| 245 | 0 | _aU.S.A.: An outline of the country its people and institutions | |
| 260 |
_aLondon, UK _bOxford University Press _c1947 |
||
| 300 | _a143p. | ||
| 942 |
_cTEXL _h917.3, BRO |
||
| 999 |
_c1323872 _d1323872 |
||